El hombre doliente: fundamentos antropológicos de la psicoterapia

Salvato in:
Dettagli Bibliografici
Autore principale: Frankl, Viktor E (Autore)
Natura: Libro
Lingua:spagnolo
Pubblicazione: Barcelona Herder 1987
Soggetti:
Tags: Aggiungi Tag
Nessun Tag, puoi essere il primo ad aggiungerne!!

MARC

LEADER 00000cam a2200000 a 4500
001 UCW4110
003 CL-VaPUC
008 890901e19870000SP |||||||||||||||||spa|d
020 |a 8425415403 
082 0 4 |a 616.8914  |b FRA  |2 21 
100 0 |a Frankl, Viktor E  |e author  |9 308667 
245 1 3 |a El hombre doliente: fundamentos antropológicos de la psicoterapia 
300 |a 310 p 
942 |c BK 
945 |d 19890901 00:00:00  |a cmena 
260 |a Barcelona  |b Herder  |c 1987 
650 7 |a PSICOTERAPIA  |2 CL-VaPUC  |9 308668 
650 0 |a Naturaleza humana   |9 308593 
583 |a last modification  |c 20150406 11:41:10  |k Rodrigo Vera 
999 |c 217913  |d 217911 
952 |0 0  |1 0  |4 0  |6 616_891400000000000_FRA_1987  |7 0  |8 A  |9 206566  |a BIBTEO  |b BIBTEO  |d 2019-11-15  |i 2743922  |o 616.8914 FRA 1987  |p 2743922  |r 2025-01-17  |w 2019-11-15  |y BK  |k ICR 
952 |0 0  |1 0  |4 0  |6 616_891400000000000_FRA_1987  |7 0  |8 A  |9 206567  |a BIBEDU  |b BIBEDU  |d 2019-11-15  |i 2743930  |o 616.8914 FRA 1987  |p 2743930  |r 2019-11-15  |w 2019-11-15  |y BK  |k EDU 
952 |0 0  |1 0  |3 erb  |4 0  |6 616_891400000000000_FRA_1987  |7 0  |8 A  |9 206568  |a BIBEDU  |b BIBEDU  |i 5158729  |o 616.8914 FRA 1987  |p 5158729  |r 2019-11-15  |w 2019-11-15  |y BK  |z Catalogado en:20150409  |k EDU 
952 |0 0  |1 0  |3 erb  |4 0  |6 616_891400000000000_FRA_1987  |7 0  |8 A  |9 206569  |a BIBEDU  |b BIBEDU  |i 5414849  |o 616.8914 FRA 1987  |p 5414849  |r 2019-11-15  |w 2019-11-15  |y BK  |z Catalogado en:20170818  |k PSI